[Event "MCRE_O16"]
[Site "?"]
[Date "2004.??.??"]
[Round "?"]
[White "Dojcinovic, Miroslav"]
[Black "Fabrik, Miroslav"]
[Result "1-0"]
[WhiteElo "1800"]
[BlackElo "1800"]
[PlyCount "49"]
[EventDate "2004.??.??"]
[EventType "corr"]
[EventRounds "2"]
[SourceDate "2005.03.12"]

1. d4 g6 2. Bf4 Bg7 3. e3 Nf6 4. Nc3 O-O 5. Nf3 d6 6. Bg5 c6 7. Bxf6 Bxf6 8.
Nd2 Nd7 9. Nde4 Bg7 10. Qf3 Qa5 11. O-O-O b5 12. Nd2 b4 13. Nb3 Qb6 14. Na4 Qc7
15. Nd2 Bb7 16. Qg3 Nb6 17. Nc5 Rfc8 18. Nxb7 Qxb7 19. Qf3 a5 20. h4 d5 21. h5
e5 22. Qh3 Bf6 23. hxg6 fxg6 24. dxe5 Bxe5 25. Qe6+ 1-0

[Event "MCRE_O16"]
[Site "?"]
[Date "2004.??.??"]
[Round "?"]
[White "Dojcinovic, Miroslav"]
[Black "Jezek, Otakar"]
[Result "0-1"]
[WhiteElo "1800"]
[BlackElo "1800"]
[PlyCount "88"]
[EventDate "2004.??.??"]
[EventType "corr"]
[EventRounds "2"]
[SourceDate "2005.03.12"]

1. e4 Nc6 2. d4 d5 3. e5 Bf5 4. a3 e6 5. Bb5 Qh4 6. Nc3 a6 7. g3 Qg4 8. Bxc6+
bxc6 9. Qxg4 Bxg4 10. b4 Bf5 11. Ra2 Be7 12. Nge2 a5 13. b5 cxb5 14. Nxb5 Bd8
15. Bg5 Rb8 16. Bxd8 Rxb5 17. Nc3 Rb7 18. Bg5 f6 19. Bf4 Ne7 20. exf6 gxf6 21.
O-O Nc6 22. Rb1 Rxb1+ 23. Nxb1 Nxd4 24. Bxc7 a4 25. Nc3 Bxc2 26. Bb6 Nf3+ 27.
Kg2 Be4 28. Nxe4 dxe4 29. Re2 f5 30. Bc5 Kd7 31. Rb2 Ne1+ 32. Kh3 Nd3 33. Rd2
Rb8 34. f3 Kc6 35. Bg1 Rb3 36. fxe4 fxe4 37. Rc2+ Kd5 38. Ra2 Nb2 39. Ra1 Nc4
40. Rd1+ Rd3 41. Ra1 Rxa3 42. Rd1+ Rd3 43. Ra1 a3 44. Kg2 Rd2+ 0-1

[Event "MCRE_O16"]
[Site "?"]
[Date "2004.??.??"]
[Round "?"]
[White "Dojcinovic, Miroslav"]
[Black "Kelbl, Jiri"]
[Result "0-1"]
[WhiteElo "1800"]
[BlackElo "1800"]
[PlyCount "74"]
[EventDate "2004.??.??"]
[EventType "corr"]
[EventRounds "2"]
[SourceDate "2005.03.12"]

1. d4 Nf6 2. c4 g6 3. Nc3 d5 4. cxd5 Nxd5 5. e4 Nxc3 6. bxc3 Bg7 7. Bc4 O-O 8.
Ne2 c5 9. Be3 Nc6 10. dxc5 Bd7 11. O-O Qc7 12. Bd5 Rfd8 13. Bf4 Qa5 14. Qb3 e6
15. Qxb7 exd5 16. exd5 Ne5 17. Rfb1 Qxc5 18. Be3 Qa5 19. Bd4 Nc4 20. Bxg7 Kxg7
21. Qb4 Qxd5 22. Rd1 Qb5 23. Qb3 Qxb3 24. axb3 Nb6 25. g3 Bg4 26. Rxd8 Rxd8 27.
Nd4 Rc8 28. f3 Bxf3 29. Nxf3 Rxc3 30. Ng5 h6 31. Ne4 Rxb3 32. Rxa7 Rd3 33. Kf2
Rd7 34. Rxd7 Nxd7 35. g4 Nf6 36. Kf3 Nxe4 37. Kxe4 Kf6 0-1

[Event "MCRE_O16"]
[Site "?"]
[Date "2004.??.??"]
[Round "?"]
[White "Dojcinovic, Miroslav"]
[Black "Listopad, Martin"]
[Result "0-1"]
[WhiteElo "1800"]
[BlackElo "1800"]
[PlyCount "48"]
[EventDate "2004.??.??"]
[EventType "corr"]
[EventRounds "2"]
[SourceDate "2005.03.12"]

1. e4 c5 2. Nf3 d6 3. d4 cxd4 4. Nxd4 Nf6 5. Nc3 e6 6. Bb5+ Bd7 7. Bc4 Be7 8.
Bg5 O-O 9. O-O Nxe4 10. Bxe7 Nxc3 11. Qf3 Qxe7 12. Qxc3 Nc6 13. Nxc6 Bxc6 14.
g3 Rfc8 15. Qe3 Qf6 16. c3 b5 17. Bb3 a5 18. Rad1 a4 19. Bc2 a3 20. b3 Qf3 21.
Qxf3 Bxf3 22. Rxd6 Rxc3 23. Bd3 b4 24. Re1 Bd5 0-1

[Event "MCRE_O16"]
[Site "?"]
[Date "2004.??.??"]
[Round "?"]
[White "Dojcinovic, Miroslav"]
[Black "Spicka, Zdenek"]
[Result "0-1"]
[WhiteElo "1800"]
[BlackElo "1800"]
[PlyCount "74"]
[EventDate "2004.??.??"]
[EventType "corr"]
[EventRounds "2"]
[SourceDate "2005.03.12"]

1. e4 e5 2. Nf3 Nf6 3. d4 Nxe4 4. Bd3 d5 5. dxe5 Nc5 6. Bg5 Be7 7. Bxe7 Qxe7 8.
O-O Bg4 9. Be2 c6 10. Re1 O-O 11. Nd4 Bxe2 12. Qxe2 Nbd7 13. Nc3 Rfe8 14. f4
Qh4 15. Qd2 Ne6 16. Nxe6 Rxe6 17. g3 Qh3 18. Rad1 Nb6 19. b3 Rae8 20. Qf2 Qf5
21. Rd2 f6 22. Rde2 fxe5 23. Rxe5 Rxe5 24. Rxe5 Rxe5 25. fxe5 Qxe5 26. Qe2 Nd7
27. Qxe5 Nxe5 28. Kg2 Kf7 29. Ne2 Ng4 30. Kf3 Nxh2+ 31. Kg2 Ng4 32. Kf3 h5 33.
Nf4 g5 34. Nxh5 Ne5+ 35. Ke2 Kg6 36. g4 Nxg4 37. Ng3 Ne5 0-1

[Event "MCRE_O16"]
[Site "?"]
[Date "2004.??.??"]
[Round "?"]
[White "Dojcinovic, Miroslav"]
[Black "Valinova, Jana"]
[Result "0-1"]
[WhiteElo "1800"]
[BlackElo "1800"]
[PlyCount "70"]
[EventDate "2004.??.??"]
[EventType "corr"]
[EventRounds "2"]
[SourceDate "2005.03.12"]

1. d4 c6 2. e3 d5 3. Nc3 Bf5 4. Bd3 e6 5. Bxf5 exf5 6. Nf3 Nf6 7. O-O Bd6 8.
Qd3 Ne4 9. Ne2 O-O 10. c4 dxc4 11. Qxc4 Nd7 12. Qd3 Qf6 13. d5 Ne5 14. Nxe5
Qxe5 15. f4 Qxd5 16. Qxd5 cxd5 17. Rd1 Bc5 18. b4 Bxb4 19. Rb1 a5 20. a3 Bc5
21. Rxb7 Rfd8 22. Rb5 a4 23. Rd3 g6 24. g3 Rdb8 25. Rxb8+ Rxb8 26. Rxd5 Rb3 27.
Rd1 Bxe3+ 28. Bxe3 Rxe3 29. Nd4 Rxa3 30. Nb5 Rb3 31. Nd4 Rb4 32. Nc2 Rb2 33.
Na3 Nd2 34. h3 Kg7 35. Ra1 f6 0-1

[Event "MCRE_O16"]
[Site "?"]
[Date "2004.??.??"]
[Round "?"]
[White "Fabrik, Miroslav"]
[Black "Dojcinovic, Miroslav"]
[Result "1-0"]
[WhiteElo "1800"]
[BlackElo "1800"]
[PlyCount "69"]
[EventDate "2004.??.??"]
[EventType "corr"]
[EventRounds "2"]
[SourceDate "2005.03.12"]

1. e4 e5 2. Nf3 Nc6 3. c3 Nf6 4. d3 d5 5. Nbd2 dxe4 6. dxe4 a6 7. Qc2 Be6 8.
Bc4 Qd7 9. O-O O-O-O 10. b4 b5 11. Bxe6 Qxe6 12. a4 Qg4 13. axb5 axb5 14. Ra8+
Kd7 15. Rxd8+ Kxd8 16. Qd3+ Bd6 17. Qxb5 Kd7 18. Nc4 Qxe4 19. Re1 Qd5 20.
Ncxe5+ Bxe5 21. Nxe5+ Kd6 22. Nxf7+ Qxf7 23. Bf4+ Kd7 24. Rd1+ Ke6 25. Qxc6+
Kf5 26. Qc5+ Nd5 27. Rxd5+ Qxd5 28. Qxd5+ Kf6 29. g4 h6 30. Qe5+ Kf7 31. Qxc7+
Kg6 32. b5 Rf8 33. b6 Rf7 34. b7 Rxc7 35. Bxc7 1-0

[Event "MCRE_O16"]
[Site "?"]
[Date "2004.??.??"]
[Round "?"]
[White "Fabrik, Miroslav"]
[Black "Jezek, Otakar"]
[Result "0-1"]
[WhiteElo "1800"]
[BlackElo "1800"]
[PlyCount "44"]
[EventDate "2004.??.??"]
[EventType "corr"]
[EventRounds "2"]
[SourceDate "2005.03.12"]

1. e4 e5 2. Nf3 Nc6 3. c3 d5 4. exd5 Qxd5 5. d3 Nf6 6. Be3 Ng4 7. h3 Nxe3 8.
fxe3 Be6 9. Nbd2 O-O-O 10. Be2 f5 11. O-O g6 12. b4 Bh6 13. e4 Qd6 14. a4 Be3+
15. Kh1 Ne7 16. Nc4 Bxc4 17. dxc4 fxe4 18. Qxd6 cxd6 19. Ng1 h5 20. Rf7 Nf5 21.
g3 Nxg3+ 22. Kg2 Nf5 0-1

[Event "MCRE_O16"]
[Site "?"]
[Date "2004.??.??"]
[Round "?"]
[White "Fabrik, Miroslav"]
[Black "Kelbl, Jiri"]
[Result "1-0"]
[WhiteElo "1800"]
[BlackElo "1800"]
[PlyCount "67"]
[EventDate "2004.??.??"]
[EventType "corr"]
[EventRounds "2"]
[SourceDate "2005.03.12"]

1. e4 e5 2. Nf3 Nc6 3. c3 Nf6 4. d3 d5 5. Nbd2 dxe4 6. dxe4 Bc5 7. b4 Bb6 8. a4
a6 9. Bc4 Bg4 10. Qc2 O-O 11. Ba3 Re8 12. O-O h6 13. h3 Bh5 14. b5 axb5 15.
axb5 Nb8 16. Be7 Rxa1 17. Bxd8 Rxf1+ 18. Kxf1 Rxd8 19. g4 Bxg4 20. hxg4 Nxg4
21. Qb3 Rd7 22. Bd5 Bxf2 23. Nxe5 Nxe5 24. Kxf2 c6 25. bxc6 Nbxc6 26. Nf3 Nxf3
27. Kxf3 g5 28. Bxc6 bxc6 29. Qb6 Rd3+ 30. Kg4 Rxc3 31. Qd8+ Kh7 32. Qf8 Rc1
33. Qxf7+ Kh8 34. e5 1-0

[Event "MCRE_O16"]
[Site "?"]
[Date "2004.??.??"]
[Round "?"]
[White "Fabrik, Miroslav"]
[Black "Listopad, Martin"]
[Result "0-1"]
[WhiteElo "1800"]
[BlackElo "1800"]
[PlyCount "28"]
[EventDate "2004.??.??"]
[EventType "corr"]
[EventRounds "2"]
[SourceDate "2005.03.12"]

1. e4 c5 2. Nf3 d6 3. d4 cxd4 4. Nxd4 Nf6 5. Nc3 g6 6. f3 Bg7 7. Be3 O-O 8. Qd2
Nc6 9. O-O-O d5 10. h4 dxe4 11. fxe4 Qa5 12. Bc4 Bg4 13. Be2 Rfd8 14. h5 Nxd4
0-1

[Event "MCRE_O16"]
[Site "?"]
[Date "2004.??.??"]
[Round "?"]
[White "Fabrik, Miroslav"]
[Black "Spicka, Zdenek"]
[Result "0-1"]
[WhiteElo "1800"]
[BlackElo "1800"]
[PlyCount "73"]
[EventDate "2004.??.??"]
[EventType "corr"]
[EventRounds "2"]
[SourceDate "2005.03.12"]

1. e4 c5 2. Nf3 d6 3. d4 cxd4 4. Nxd4 Nf6 5. Nc3 a6 6. f3 e6 7. Be3 Nc6 8. Qd2
d5 9. O-O-O Nxd4 10. Qxd4 b5 11. Bg5 Be7 12. exd5 exd5 13. Nxd5 Qxd5 14. Bxf6
Qxd4 15. Bxd4 O-O 16. Bd3 Be6 17. Be4 Rad8 18. b3 f5 19. Bb7 Bc8 20. Bxc8 Rxc8
21. Rhe1 Bb4 22. Re6 Rfe8 23. Rxe8+ Rxe8 24. c3 Bd6 25. g3 g6 26. Kd2 Kf7 27.
Re1 Rxe1 28. Kxe1 Ke6 29. Ke2 Kd5 30. Kd3 h5 31. c4+ Kc6 32. Bf2 h4 33. Be1 h3
34. cxb5+ Kxb5 35. a4+ Kc5 36. Bc3 Bxg3 37. hxg3 0-1

[Event "MCRE_O16"]
[Site "?"]
[Date "2004.??.??"]
[Round "?"]
[White "Fabrik, Miroslav"]
[Black "Valinova, Jana"]
[Result "0-1"]
[WhiteElo "1800"]
[BlackElo "1800"]
[PlyCount "54"]
[EventDate "2004.??.??"]
[EventType "corr"]
[EventRounds "2"]
[SourceDate "2005.03.12"]

1. e4 e5 2. Nf3 Nc6 3. c3 Nf6 4. d3 a5 5. Bg5 Be7 6. Nbd2 O-O 7. Qc2 d5 8. Be2
Be6 9. O-O d4 10. Nc4 Nd7 11. Bd2 f5 12. cxd4 exd4 13. Qc1 fxe4 14. dxe4 Nc5
15. Ng5 Qd7 16. Nxe6 Qxe6 17. Nxa5 Nxa5 18. Bxa5 d3 19. Bd1 Rxa5 20. b4 Rb5 21.
bxc5 Qxe4 22. Bf3 Qd4 23. c6 Rxf3 24. gxf3 Qh4 25. cxb7 Bd6 26. f4 Bxf4 27.
Qc4+ Kh8 0-1

[Event "MCRE_O16"]
[Site "?"]
[Date "2004.??.??"]
[Round "?"]
[White "Jezek, Otakar"]
[Black "Dojcinovic, Miroslav"]
[Result "1-0"]
[WhiteElo "1800"]
[BlackElo "1800"]
[PlyCount "85"]
[EventDate "2004.??.??"]
[EventType "corr"]
[EventRounds "2"]
[SourceDate "2005.03.12"]

1. c4 e5 2. e4 Nc6 3. Nf3 Nf6 4. Nc3 Bb4 5. Be2 d6 6. d3 O-O 7. Bd2 Bg4 8. O-O
Bxf3 9. Bxf3 Nd4 10. Bg5 Bxc3 11. bxc3 Ne6 12. Bh4 g5 13. Bg3 h6 14. d4 Qe7 15.
dxe5 dxe5 16. Bxe5 Rad8 17. Qe2 b6 18. Rfe1 Nc5 19. Bd4 Ne8 20. e5 Ng7 21. Bd5
Nce6 22. Be3 Nf5 23. Bc1 Neg7 24. a4 c5 25. a5 Qc7 26. axb6 axb6 27. f4 Ne6 28.
Qg4 Neg7 29. fxg5 h5 30. Qf3 Ne7 31. Rb1 Qa7 32. Be4 Rfe8 33. Qf6 Kf8 34. g6
Ng8 35. Qg5 Ne6 36. Qxh5 Ng7 37. Qh4 Rd7 38. Bh6 Qc7 39. Bf5 Rdd8 40. gxf7 Kxf7
41. Bxg7 Kxg7 42. Qh7+ Kf8 43. Qxc7 1-0

[Event "MCRE_O16"]
[Site "?"]
[Date "2004.??.??"]
[Round "?"]
[White "Jezek, Otakar"]
[Black "Fabrik, Miroslav"]
[Result "1-0"]
[WhiteElo "1800"]
[BlackElo "1800"]
[PlyCount "49"]
[EventDate "2004.??.??"]
[EventType "corr"]
[EventRounds "2"]
[SourceDate "2005.03.12"]

1. Nf3 g6 2. e4 Bg7 3. d4 d6 4. Nc3 Nf6 5. Bb5+ c6 6. Be2 O-O 7. O-O Bg4 8. h3
Bxf3 9. Bxf3 Nbd7 10. Re1 Qc7 11. Be3 e5 12. d5 Nb6 13. dxc6 bxc6 14. Qd3 Rad8
15. Rad1 Ne8 16. a4 f5 17. a5 Nd7 18. Qc4+ Kh8 19. exf5 d5 20. Bxd5 cxd5 21.
Qxc7 Nxc7 22. Nxd5 Nxd5 23. Rxd5 gxf5 24. Red1 f4 25. Bxa7 1-0

[Event "MCRE_O16"]
[Site "?"]
[Date "2004.??.??"]
[Round "?"]
[White "Jezek, Otakar"]
[Black "Kelbl, Jiri"]
[Result "1-0"]
[WhiteElo "1800"]
[BlackElo "1800"]
[PlyCount "53"]
[EventDate "2004.??.??"]
[EventType "corr"]
[EventRounds "2"]
[SourceDate "2005.03.12"]

1. Nc3 c5 2. e4 Nc6 3. Nge2 Nf6 4. d4 cxd4 5. Nxd4 d6 6. Bb5 Bd7 7. O-O Nxd4 8.
Qxd4 Bxb5 9. Nxb5 a6 10. Nc3 e6 11. Be3 Be7 12. f4 O-O 13. f5 Ng4 14. fxe6 fxe6
15. Rxf8+ Bxf8 16. Rd1 Nxe3 17. Qxe3 Rc8 18. Qh3 Qf6 19. Rf1 Qg6 20. a3 Be7 21.
Nd5 Re8 22. Nc7 Rc8 23. Nxe6 Rxc2 24. Nd4 Rc7 25. Qb3+ Kh8 26. Nf5 Bg5 27. Nh6
1-0

[Event "MCRE_O16"]
[Site "?"]
[Date "2004.??.??"]
[Round "?"]
[White "Jezek, Otakar"]
[Black "Listopad, Martin"]
[Result "0-1"]
[WhiteElo "1800"]
[BlackElo "1800"]
[PlyCount "75"]
[EventDate "2004.??.??"]
[EventType "corr"]
[EventRounds "2"]
[SourceDate "2005.03.12"]

1. e4 c5 2. Nc3 d6 3. Bc4 Nf6 4. d3 Nc6 5. Nf3 g6 6. Nd5 Bg7 7. c3 O-O 8. Nxf6+
exf6 9. O-O Bg4 10. Bd5 Rc8 11. Re1 Qd7 12. h3 Be6 13. Be3 Ne5 14. d4 Bxd5 15.
exd5 cxd4 16. Nxd4 Rfe8 17. Re2 f5 18. a3 a6 19. f4 Nc4 20. Bf2 Qc7 21. Nb5
axb5 22. Qc2 Rxe2 23. Qxe2 Nxb2 24. Bd4 Bxd4+ 25. cxd4 Qc3 26. Kh2 Nd3 27. Rd1
Nxf4 28. Qxb5 Qc2 29. Qf1 Nxg2 30. Rc1 Ne3+ 31. Rxc2 Nxf1+ 32. Kg1 Rxc2 33.
Kxf1 g5 34. Kg1 g4 35. hxg4 fxg4 36. a4 h5 37. a5 h4 38. Kh1 0-1

[Event "MCRE_O16"]
[Site "?"]
[Date "2004.??.??"]
[Round "?"]
[White "Jezek, Otakar"]
[Black "Spicka, Zdenek"]
[Result "1/2-1/2"]
[WhiteElo "1800"]
[BlackElo "1800"]
[PlyCount "91"]
[EventDate "2004.??.??"]
[EventType "corr"]
[EventRounds "2"]
[SourceDate "2005.03.12"]

1. e4 c5 2. Nf3 d6 3. Bc4 Nf6 4. Nc3 e6 5. d4 cxd4 6. Nxd4 Be7 7. O-O O-O 8.
Qf3 Nfd7 9. Qg3 Ne5 10. Bb3 Bd7 11. Rd1 a6 12. f4 Nec6 13. Be3 Bh4 14. Nxc6
Nxc6 15. Qg4 Be7 16. Na4 Na5 17. Bb6 Qe8 18. Bxa5 Bxa4 19. Bc3 g6 20. f5 Bxb3
21. cxb3 e5 22. Rd5 Qc6 23. Kh1 Rfc8 24. Rf1 Rc7 25. Bd2 Rac8 26. h3 Qe8 27.
Qg3 Rc5 28. Qd3 Qb5 29. Qxb5 axb5 30. f6 Rxd5 31. exd5 Bf8 32. Rc1 Rc5 33. Rxc5
dxc5 34. g4 Bd6 35. Kg2 e4 36. Kf2 Be5 37. g5 Kf8 38. Ke3 Bxb2 39. Kxe4 Ke8 40.
Kd3 Be5 41. Be3 Bd6 42. a3 c4+ 43. bxc4 bxc4+ 44. Kxc4 Bxa3 45. Bf4 Kd7 46. Kb5
1/2-1/2

[Event "MCRE_O16"]
[Site "?"]
[Date "2004.??.??"]
[Round "?"]
[White "Jezek, Otakar"]
[Black "Valinova, Jana"]
[Result "0-1"]
[WhiteElo "1800"]
[BlackElo "1800"]
[PlyCount "62"]
[EventDate "2004.??.??"]
[EventType "corr"]
[EventRounds "2"]
[SourceDate "2005.03.12"]

1. d4 c6 2. e4 d5 3. e5 Bf5 4. Nf3 e6 5. Nbd2 Nd7 6. Be2 h6 7. O-O Ne7 8. Re1
Qc7 9. c3 O-O-O 10. Bf1 g5 11. Nb3 Ng6 12. Be3 g4 13. Nfd2 f6 14. exf6 Bd6 15.
g3 h5 16. Nc5 h4 17. Nxd7 Rxd7 18. Bg2 hxg3 19. fxg3 Qd8 20. c4 Rdh7 21. Qa4
Rxh2 22. Qxa7 Bxg3 23. Qa8+ Bb8 24. Re2 Bd3 25. Rf2 Qc7 26. Nf1 Qh7 27. Ng3 Qh4
28. Bf4 Nxf4 29. cxd5 Rh1+ 30. Bxh1 Qxg3+ 31. Rg2 Nh3# 0-1

[Event "MCRE_O16"]
[Site "?"]
[Date "2004.??.??"]
[Round "?"]
[White "Kelbl, Jiri"]
[Black "Dojcinovic, Miroslav"]
[Result "1-0"]
[WhiteElo "1800"]
[BlackElo "1800"]
[PlyCount "73"]
[EventDate "2004.??.??"]
[EventType "corr"]
[EventRounds "2"]
[SourceDate "2005.03.12"]

1. e4 e5 2. Nf3 Nc6 3. Bb5 a6 4. Ba4 d6 5. c3 Nf6 6. d4 b5 7. Bc2 Bg4 8. Be3
exd4 9. cxd4 Nb4 10. Nbd2 Be7 11. O-O O-O 12. a3 Nc6 13. h3 Bh5 14. Qc1 Bxf3
15. Nxf3 Qd7 16. Re1 Rfe8 17. Qd2 Bd8 18. Bf4 Nh5 19. Bh2 g6 20. Rad1 Kh8 21.
Qc3 Nb8 22. d5+ Bf6 23. e5 Bg7 24. Qd2 f5 25. e6 Qe7 26. g4 fxg4 27. hxg4 Nf6
28. g5 Ng4 29. Nh4 Nxh2 30. Kxh2 Qd8 31. f4 Kg8 32. f5 gxf5 33. Nxf5 Re7 34.
Nxe7+ Qxe7 35. Rf1 Be5+ 36. Kg2 Bxb2 37. Rf7 1-0

[Event "MCRE_O16"]
[Site "?"]
[Date "2004.??.??"]
[Round "?"]
[White "Kelbl, Jiri"]
[Black "Fabrik, Miroslav"]
[Result "0-1"]
[WhiteElo "1800"]
[BlackElo "1800"]
[PlyCount "66"]
[EventDate "2004.??.??"]
[EventType "corr"]
[EventRounds "2"]
[SourceDate "2005.03.12"]

1. e4 g6 2. d4 Bg7 3. Nc3 d6 4. Bg5 Nf6 5. Qd2 O-O 6. Bh6 c6 7. Bxg7 Kxg7 8.
O-O-O Qa5 9. Kb1 Nbd7 10. Be2 b5 11. Bd3 b4 12. Nce2 Ba6 13. f3 c5 14. Bxa6
Qxa6 15. h4 Rab8 16. Nf4 e5 17. dxe5 dxe5 18. Nd5 Nxd5 19. exd5 c4 20. c3 Qa4
21. Ne2 Rb6 22. h5 Ra6 23. Nc1 bxc3 24. Qxc3 Rb8 25. f4 Rab6 26. Rd2 Qb4 27.
Qxb4 Rxb4 28. fxe5 Nxe5 29. hxg6 hxg6 30. Re1 c3 31. Rde2 Rxb2+ 32. Rxb2 Rxb2+
33. Ka1 Nc4 0-1

[Event "MCRE_O16"]
[Site "?"]
[Date "2004.??.??"]
[Round "?"]
[White "Kelbl, Jiri"]
[Black "Jezek, Otakar"]
[Result "0-1"]
[WhiteElo "1800"]
[BlackElo "1800"]
[PlyCount "50"]
[EventDate "2004.??.??"]
[EventType "corr"]
[EventRounds "2"]
[SourceDate "2005.03.12"]

1. e4 e5 2. Nf3 Nc6 3. Bb5 a6 4. Ba4 b5 5. Bb3 Nf6 6. d3 Bc5 7. a4 b4 8. Bg5 h6
9. Bxf6 Qxf6 10. Nbd2 Rb8 11. c3 O-O 12. O-O d6 13. h3 a5 14. Bc4 Ne7 15. Nb3
bxc3 16. bxc3 Bb6 17. d4 exd4 18. cxd4 Ng6 19. Re1 Nf4 20. Kh2 Qg6 21. Bf1 Re8
22. g3 Ne6 23. d5 Bxf2 24. Nxa5 Qxg3+ 25. Kh1 Ng5 0-1

[Event "MCRE_O16"]
[Site "?"]
[Date "2004.??.??"]
[Round "?"]
[White "Kelbl, Jiri"]
[Black "Listopad, Martin"]
[Result "0-1"]
[WhiteElo "1800"]
[BlackElo "1800"]
[PlyCount "62"]
[EventDate "2004.??.??"]
[EventType "corr"]
[EventRounds "2"]
[SourceDate "2005.03.12"]

1. e4 c5 2. Nf3 d6 3. d4 cxd4 4. Nxd4 Nf6 5. Nc3 e6 6. Be2 a6 7. O-O Be7 8. f4
O-O 9. Be3 Qc7 10. g4 d5 11. e5 Nfd7 12. Bd3 b5 13. a3 Nc5 14. Qe1 Nc6 15. Qg3
Nxd3 16. cxd3 Bd7 17. Nxc6 Qxc6 18. Rac1 Qb7 19. f5 f6 20. exf6 Rxf6 21. Bd4
Rf7 22. fxe6 Bxe6 23. g5 Qd7 24. Rxf7 Bxf7 25. h4 Bd6 26. Qf3 Rf8 27. Qe2 Bh5
28. Qxh5 Qh3 29. Qe2 Rf4 30. Qe8+ Bf8 31. Qe1 Rg4+ 0-1

[Event "MCRE_O16"]
[Site "?"]
[Date "2004.??.??"]
[Round "?"]
[White "Kelbl, Jiri"]
[Black "Spicka, Zdenek"]
[Result "0-1"]
[WhiteElo "1800"]
[BlackElo "1800"]
[PlyCount "78"]
[EventDate "2004.??.??"]
[EventType "corr"]
[EventRounds "2"]
[SourceDate "2005.03.12"]

1. e4 c5 2. Nf3 d6 3. d4 cxd4 4. Nxd4 Nf6 5. Nc3 e6 6. Be2 Be7 7. O-O O-O 8. f4
Nc6 9. Be3 e5 10. Nf5 Bxf5 11. exf5 exf4 12. Bxf4 d5 13. Kh1 d4 14. Nb1 Nd5 15.
Nd2 Bg5 16. Bxg5 Qxg5 17. Nc4 Rad8 18. Qc1 Qf6 19. Bd3 Ncb4 20. a3 Nxd3 21.
cxd3 Rfe8 22. Qd2 b5 23. Na5 Ne3 24. Rf3 Rd7 25. Nb3 a6 26. Nc5 Rc7 27. b4 Re5
28. Ne4 Qd8 29. Rc1 Rxf5 30. Rxf5 Nxf5 31. Nc5 h6 32. Kg1 Ne3 33. Qb2 Qd5 34.
Re1 Rc6 35. Qd2 Nxg2 36. Qxg2 Rg6 37. Qxg6 fxg6 38. Re4 Qa2 39. Nxa6 Qxa3 0-1

[Event "MCRE_O16"]
[Site "?"]
[Date "2004.??.??"]
[Round "?"]
[White "Kelbl, Jiri"]
[Black "Valinova, Jana"]
[Result "0-1"]
[WhiteElo "1800"]
[BlackElo "1800"]
[PlyCount "64"]
[EventDate "2004.??.??"]
[EventType "corr"]
[EventRounds "2"]
[SourceDate "2005.03.12"]

1. e4 e5 2. Nf3 Nc6 3. Bb5 a6 4. Ba4 Nf6 5. O-O Be7 6. Re1 b5 7. Bb3 O-O 8. c3
d5 9. exd5 Nxd5 10. Nxe5 Nxe5 11. Rxe5 c6 12. d4 Bd6 13. Re1 Qh4 14. g3 Qh3 15.
Be3 Bg4 16. Qd3 Rae8 17. Nd2 Re6 18. a4 Qh5 19. axb5 axb5 20. Nf1 Bf5 21. Qd1
Bg4 22. Qd2 Qh3 23. Bd1 Bxd1 24. Raxd1 f5 25. f4 Rfe8 26. Bf2 Bxf4 27. gxf4
Qg4+ 28. Bg3 Re2 29. Rxe2 Rxe2 30. Qxe2 Qxe2 31. Rd2 Qe4 32. Rf2 b4 0-1

[Event "MCRE_O16"]
[Site "?"]
[Date "2004.??.??"]
[Round "?"]
[White "Listopad, Martin"]
[Black "Dojcinovic, Miroslav"]
[Result "1-0"]
[WhiteElo "1800"]
[BlackElo "1800"]
[PlyCount "45"]
[EventDate "2004.??.??"]
[EventType "corr"]
[EventRounds "2"]
[SourceDate "2005.03.12"]

1. e4 e5 2. Nf3 Nc6 3. Bb5 a6 4. Ba4 Nf6 5. O-O b5 6. Bb3 Bb7 7. c3 Nxe4 8. d4
d6 9. Qe2 Ne7 10. dxe5 dxe5 11. Nxe5 Nd6 12. Rd1 Qc8 13. Rxd6 cxd6 14. Nxf7 Qc6
15. f3 Rg8 16. Qe6 Rd8 17. Nxd8 Kxd8 18. Bg5 Rh8 19. Nd2 Bc8 20. Qe2 h6 21. Bh4
g5 22. Bf2 Bf5 23. a4 1-0

[Event "MCRE_O16"]
[Site "?"]
[Date "2004.??.??"]
[Round "?"]
[White "Listopad, Martin"]
[Black "Jezek, Otakar"]
[Result "1-0"]
[WhiteElo "1800"]
[BlackElo "1800"]
[PlyCount "83"]
[EventDate "2004.??.??"]
[EventType "corr"]
[EventRounds "2"]
[SourceDate "2005.03.12"]

1. e4 c5 2. d4 cxd4 3. c3 dxc3 4. Nxc3 Nc6 5. Nf3 e5 6. Bc4 Nf6 7. Ng5 d5 8.
Nxd5 Nxd5 9. Bxd5 Bb4+ 10. Kf1 Qf6 11. Bxf7+ Ke7 12. Bd5 h6 13. a3 Bd6 14. Nf3
Rd8 15. Be3 Kf8 16. h4 Be6 17. Bxe6 Qxe6 18. Qe2 Qg4 19. Nd2 Qe6 20. Rh3 Be7
21. h5 Rac8 22. Nf3 Bf6 23. Kg1 Nd4 24. Nxd4 exd4 25. Bf4 Kg8 26. Re1 Be5 27.
Bxe5 Qxe5 28. Rd3 b6 29. g3 Qe6 30. e5 Rc4 31. Qe4 Qf7 32. g4 Rc2 33. Rf3 Qc4
34. e6 Qc6 35. Qf4 Re8 36. Qf7+ Kh8 37. g5 Qa8 38. e7 Rcc8 39. gxh6 Rg8 40. Kh2
Qb8+ 41. Rg3 gxh6 42. Re6 1-0

[Event "MCRE_O16"]
[Site "?"]
[Date "2004.??.??"]
[Round "?"]
[White "Listopad, Martin"]
[Black "Kelbl, Jiri"]
[Result "1/2-1/2"]
[WhiteElo "1800"]
[BlackElo "1800"]
[PlyCount "25"]
[EventDate "2004.??.??"]
[EventType "corr"]
[EventRounds "2"]
[SourceDate "2005.03.12"]

1. e4 e5 2. Nf3 Nc6 3. Bb5 a6 4. Ba4 Nf6 5. d4 exd4 6. O-O Be7 7. Qe2 O-O 8. e5
Nd5 9. Rd1 Nb6 10. Bxc6 dxc6 11. Nxd4 Qe8 12. Nc3 c5 13. Nf3 1/2-1/2

[Event "MCRE_O16"]
[Site "?"]
[Date "2004.??.??"]
[Round "?"]
[White "Listopad, Martin"]
[Black "Spicka, Zdenek"]
[Result "1-0"]
[WhiteElo "1800"]
[BlackElo "1800"]
[PlyCount "85"]
[EventDate "2004.??.??"]
[EventType "corr"]
[EventRounds "2"]
[SourceDate "2005.03.12"]

1. e4 c5 2. d4 cxd4 3. c3 dxc3 4. Nxc3 Nc6 5. Nf3 Nf6 6. Bc4 e6 7. O-O Bb4 8.
Qe2 Bxc3 9. bxc3 d5 10. exd5 Nxd5 11. Ba3 Qa5 12. Qb2 f6 13. Rad1 Nxc3 14. Rd3
Na4 15. Qb3 Nc5 16. Bxc5 Qxc5 17. Bxe6 Bxe6 18. Qxe6+ Qe7 19. Qg4 Rd8 20. Re3
Ne5 21. Nxe5 fxe5 22. Qa4+ Rd7 23. Rd3 e4 24. Rd4 e3 25. Re4 exf2+ 26. Rxf2
Qxe4 27. Qxe4+ Kd8 28. h4 Re8 29. Qf4 Rc7 30. Qa4 Rd7 31. Qxa7 Re1+ 32. Kh2 Ke8
33. Qb8+ Ke7 34. Qf8+ Ke6 35. Qe8+ Re7 36. Qc8+ Kd6 37. Rd2+ Ke5 38. Qc5+ Kf6
39. Rf2+ Ke6 40. Qf5+ Kd6 41. Rd2+ Kc6 42. Qc2+ Kb6 43. Rd6+ 1-0

[Event "MCRE_O16"]
[Site "?"]
[Date "2004.??.??"]
[Round "?"]
[White "Listopad, Martin"]
[Black "Valinova, Jana"]
[Result "0-1"]
[WhiteElo "1800"]
[BlackElo "1800"]
[PlyCount "44"]
[EventDate "2004.??.??"]
[EventType "corr"]
[EventRounds "2"]
[SourceDate "2005.03.12"]

1. e4 e5 2. Nf3 Nc6 3. Bb5 a6 4. Ba4 Nf6 5. d4 exd4 6. O-O Be7 7. Qe2 b5 8. Bb3
d6 9. c3 dxc3 10. Nxc3 Bg4 11. Qd3 O-O 12. Re1 Nd7 13. Nd5 Nc5 14. Qc3 Bxf3 15.
gxf3 b4 16. Qe3 Bh4 17. Bc2 Ne5 18. Re2 Qd7 19. Kg2 Rae8 20. Bd2 Ne6 21. Rg1
Ng5 22. Kh1 Ngxf3 0-1